[Event "GER-ch51 V04 email"]
[Site "GER email"]
[Date "2019.04.14"]
[Round "?"]
[White "Schneider, Karl"]
[Black "Markus, Roland"]
[Result "1/2-1/2"]
[WhiteElo "2351"]
[BlackElo "2365"]
[PlyCount "73"]
[EventDate "2019.??.??"]
[EventType "tourn (corr)"]
[EventRounds "10"]
[EventCountry "GER"]
[SourceTitle "Corr 2022"]
[Source "ChessBase"]
[SourceDate "2021.10.24"]
[SourceVersion "1"]
[SourceVersionDate "2021.10.24"]
[SourceQuality "1"]

1. d4 Nf6 2. c4 e6 3. g3 d5 4. Bg2 Be7 5. Nf3 0-0 6. 0-0 c6 7. Qc2 b6 8. Nbd2 Bb7 9. Rd1 Nbd7 10. e4 dxc4 11. Nxc4 c5 12. Nfe5 cxd4 13. Rxd4 Qc7 14. Nxd7 Nxd7 15. Be3 Nf6 16. Rc1 Rad8 17. Rd2 Rxd2 18. Qxd2 Rd8 19. Qe1 Qb8 20. Bf4 Qa8 21. f3 h6 22. b4 Ba6 23. Bf1 Nd7 24. h4 Bf6 25. Kg2 Bxc4 26. Bxc4 Ne5 27. Bxe5 Bxe5 28. f4 Bd6 29. Ba6 g6 30. a3 e5 31. Kf3 exf4 32. gxf4 Re8 33. Qe3 Qd8 34. h5 Qh4 35. hxg6 Qh5+ 36. Kf2 Qh2+ 37. Kf3 1/2-1/2

[Event "GER-ch49 V03 email"]
[Site "GER email"]
[Date "2017.04.03"]
[Round "?"]
[White "Schneider, Karl"]
[Black "Lehnhoff, Heinz Georg"]
[Result "1/2-1/2"]
[WhiteElo "2330"]
[BlackElo "2277"]
[PlyCount "48"]
[EventDate "2017.??.??"]
[EventType "tourn (corr)"]
[EventRounds "10"]
[EventCountry "GER"]
[SourceTitle "Corr 2020"]
[Source "ChessBase"]
[SourceDate "2019.09.30"]
[SourceVersion "1"]
[SourceVersionDate "2019.09.30"]
[SourceQuality "1"]

1. d4 Nf6 2. c4 e6 3. Nf3 b6 4. g3 Ba6 5. b3 d5 6. Bg2 Bb4+ 7. Bd2 Be7 8. cxd5 exd5 9. 0-0 0-0 10. Nc3 Bb7 11. Rc1 Re8 12. Ne5 Nbd7 13. Bf4 Nf8 14. Bg5 Ne6 15. Bxf6 Bxf6 16. e3 Rc8 17. b4 c5 18. bxc5 bxc5 19. Ng4 Be7 20. Qf3 cxd4 21. Nxd5 Bxd5 22. Qxd5 dxe3 23. Nxe3 Bc5 24. Qxd8 Rexd8 1/2-1/2

[Event "GER-ch49 V03 email"]
[Site "GER email"]
[Date "2017.04.03"]
[Round "?"]
[White "Schneider, Karl"]
[Black "Osterburg, Klaus Juergen"]
[Result "1-0"]
[WhiteElo "2330"]
[BlackElo "2356"]
[PlyCount "89"]
[EventDate "2017.??.??"]
[EventType "tourn (corr)"]
[EventRounds "10"]
[EventCountry "GER"]
[SourceTitle "Corr 2020"]
[Source "ChessBase"]
[SourceDate "2019.09.30"]
[SourceVersion "1"]
[SourceVersionDate "2019.09.30"]
[SourceQuality "1"]

1. d4 d5 2. c4 e6 3. Nf3 Nf6 4. g3 dxc4 5. Bg2 c5 6. 0-0 Nc6 7. Qa4 Bd7 8. Qxc4 b5 9. Qd3 Rc8 10. dxc5 Bxc5 11. Nc3 a6 12. Bg5 Be7 13. Rfd1 Nb8 14. Ne5 h6 15. Bf4 Qb6 16. Rac1 0-0 17. Be3 Qa5 18. Ne4 Nd5 19. Ba7 Rxc1 20. Rxc1 Qxa2 21. Bxb8 Rxb8 22. Nxd7 Rd8 23. Nec5 Qxb2 24. Rb1 Qa2 25. Bxd5 exd5 26. Rd1 b4 27. e4 d4 28. Qxd4 Qc2 29. Qd3 Qxd3 30. Rxd3 Rc8 31. Rd5 Bxc5 32. Rxc5 Ra8 33. Kg2 a5 34. Nb6 Ra7 35. Na4 g5 36. Kf3 Kh7 37. Ke3 Kg6 38. f4 gxf4+ 39. gxf4 h5 40. Rg5+ Kh6 41. h4 Ra6 42. Rf5 Kg6 43. Kd4 Rd6+ 44. Rd5 Ra6 45. Kc4 1-0

[Event "GER-ch49 V03 email"]
[Site "GER email"]
[Date "2017.03.27"]
[Round "?"]
[White "Mihatsch, Thomas"]
[Black "Schneider, Karl"]
[Result "1/2-1/2"]
[WhiteElo "2114"]
[BlackElo "2124"]
[PlyCount "67"]
[EventDate "2017.??.??"]
[EventType "tourn (corr)"]
[EventRounds "10"]
[EventCountry "GER"]
[SourceTitle "Corr 2020"]
[Source "ChessBase"]
[SourceDate "2019.09.30"]
[SourceVersion "1"]
[SourceVersionDate "2019.09.30"]
[SourceQuality "1"]

1. e4 c6 2. d4 d5 3. e5 Bf5 4. Nf3 e6 5. Be2 Nd7 6. 0-0 h6 7. Nbd2 Ne7 8. Nb3 g5 9. a4 Bg7 10. a5 Qc7 11. Bd2 f6 12. exf6 Bxf6 13. Ne1 0-0-0 14. Nd3 Kb8 15. Bc3 Ng6 16. Bh5 Rhg8 17. Re1 Be7 18. g3 a6 19. Bg4 Nf6 20. Bxf5 exf5 21. Bb4 Bxb4 22. Nxb4 Rde8 23. Nc5 Ka8 24. Rxe8+ Rxe8 25. Qf1 Qc8 26. Nbd3 f4 27. Re1 Ne4 28. Na4 Qd8 29. Nb6+ Ka7 30. Qh3 Nd2 31. Rxe8 Qxe8 32. Qg4 Qe4 33. Nc8+ Ka8 34. Nb6+ 1/2-1/2